000 00343pab a2200145 454500
008 180718b1987 xxu||||| |||| 00| 0 eng d
100 _aOommen, M.A.
245 _aRelative tax effort of states
260 _c1987
300 _a466-70
362 _a14 Mar.
650 _aTaxation
773 _aEconomic and Political Weekly
909 _a18987
999 _c18987
_d18987